| 000 | 00577nam a22001817a 4500 | ||
|---|---|---|---|
| 999 |
_c166104 _d166104 |
||
| 005 | 20190712161458.0 | ||
| 010 | _aENG-125906 | ||
| 020 |
_a9789387162334 _c225.00 |
||
| 035 | _aEN-109438 | ||
| 037 | _bDBAD/PUB | ||
| 082 | _a615.1 | ||
| 100 | _aGhosh, Amit Kumar | ||
| 245 |
_aQuest : _cby Amit Kumar Ghosh _ba comprehensive guide to UG pharmacology / |
||
| 260 |
_aKolkata _bAcademic Publishers _c2019 |
||
| 270 |
_a5 A Bhawani Dutta Lane _bKolkata _e700073 _mcontact@academicpublishers.in |
||
| 300 |
_a192p. _c24cm(pbk) |
||
| 942 |
_2ddc _cEN _h615.1 _mGHO |
||